<A> magyar állami vállalatok privatizációja és a vállalati müködés ökológiai kockázata.

Štruktúra veľkých podnikov v Maďarsku a negatívne dopady na životné prostredie. Ekologické riziká podnikových aktivít. Adaptačný makromodel. Faktory pôsobiace na ekologické riziká. Ekologické riziká a hodnota privatizovaných podnikov.

Salvato in:
Dettagli Bibliografici
Autore principale: Németh, Z.
Natura: Capitolo di libro
Lingua:ungherese
Soggetti:
Tags: Aggiungi Tag
Nessun Tag, puoi essere il primo ad aggiungerne!!

MARC

LEADER 00000naa a2200000 4500
001 r010381
005 20221125113525.8
041 0 |a hun 
044 |a HU 
245 1 0 |a <A> magyar állami vállalatok privatizációja és a vállalati müködés ökológiai kockázata.  |c Z. Németh 
520 |a Štruktúra veľkých podnikov v Maďarsku a negatívne dopady na životné prostredie. Ekologické riziká podnikových aktivít. Adaptačný makromodel. Faktory pôsobiace na ekologické riziká. Ekologické riziká a hodnota privatizovaných podnikov. 
610 2 0 |a privatizácia 
610 2 0 |a podnik štátny 
610 2 0 |a MR 
610 2 0 |a ekológia 
610 2 0 |a štruktúra podniku organizačná 
610 2 0 |a prostredie životné 
610 2 0 |a modely makroekonomické 
610 2 0 |a riziko 
610 2 0 |a adaptabilita 
100 1 |a Németh, Z.